000 01019nam a2200241Ia 4500
003 GCL
008 140319s9999 xx 000 0 ara d
020 _a5199905977
040 _aGCL /
_cGCL
082 0 4 _a952.04
_bهـ ت
100 1 _aهشام عبدالرءوف حسن
245 1 0 _aتاريخ اليابان الحديث والمعاصر :
_bعصرى طايشو - شوا 1912 - 1989 م /
_cهشام عبدالرءوف حسن
260 _aالقاهرة :
_bمكتبة الانجلوالمصرية ،
_c2003
300 _a370 ص ؛
_c24 سم
650 0 4 _aاليابان
650 0 4 _aاليابان - الاحوال الاجتماعية
650 0 4 _aاليابان - تاريخ
650 0 4 _aاليابان - تاريخ - العصر الحديث
650 0 4 _aاليابان - الاحوال السياسية
650 0 4 _aاليابان - تاريخ - العصر الحديث - حكم تايشو
650 0 4 _aاليابان - تاريخ - العصر الحديث - حكم شوا
942 _2ddc
_cBK
999 _c6402
_d6402